Automatizácia, vznik nových činností a dopyt po práci
Počas poslednej dekády bolo publikovaných mnoho štúdií, ktorých autori odhadujú, že automatizácia a iné nové technológie majú potenciál v blízkej budúcnosti významne narušiť trh práce. Výsledky viacerých empirických analýz naznačujú, že negatívne dopady technologických zmien boli počas posledných dv...
Enregistré dans:
| Auteur principal: | |
|---|---|
| Format: | Chapitre de livre |
| Langue: | slovaque |
| Sujets: | |
| Tags: |
Pas de tags, Soyez le premier à ajouter un tag!
|
MARC
| LEADER | 00000naa a2200000 4500 | ||
|---|---|---|---|
| 001 | 0267018 | ||
| 005 | 20240502074208.6 | ||
| 041 | 0 | |a slo | |
| 044 | |a SK | ||
| 245 | 1 | 0 | |a Automatizácia, vznik nových činností a dopyt po práci |c Matej Vitáloš |
| 520 | |a Počas poslednej dekády bolo publikovaných mnoho štúdií, ktorých autori odhadujú, že automatizácia a iné nové technológie majú potenciál v blízkej budúcnosti významne narušiť trh práce. Výsledky viacerých empirických analýz naznačujú, že negatívne dopady technologických zmien boli počas posledných dvoch až troch dekád kompenzované ich pozitívnymi dopadmi, a to najmä v prípade európskych krajín. | ||
| 610 | 2 | 0 | |a automatizácia |
| 610 | 2 | 0 | |a zmeny technologické |
| 610 | 2 | 0 | |a pokrok technologický |
| 610 | 2 | 0 | |a dopyt po práci |
| 100 | 1 | |a Vitáloš, Matej, 1993- | |